[Event "Hasselbacken Open 2018"]
[Site "Stockholm"]
[Date "2018.11.03"]
[Round "5"]
[White "Bergstrom, Rolf"]
[Black "Sjodahl, Pontus"]
[Result "0-1"]
[WhiteElo "2216"]
[BlackElo "2410"]
[Annotator "TA"]
[PlyCount "70"]
[EventDate "2018.11.02"]
[EventCountry "SWE"]
[SourceTitle "playchess.com"]
[Source "ChessBase"]
[SourceQuality "1"]

{[%evp 22,70,-41,-36,-35,-35,-18,-26,-11,-27,-16,-38,0,-4,14,0,14,-48,-37,-15,-33,-29,0,-41,-33,-35,-29,-43,-36,-28,-35,-52,-30,-92,-10,-14,0,-193,-227,-537,-535,-530,-531,-813,-833,-814,-819,-801,-792,-1062,-1043]} 1. e4 e6 2. d4 d5 3. e5 c5 4. c3 Qb6 5. Nf3 Nc6 6. Na3 cxd4 7. cxd4 Bb4+ {C02: French: Advance Variation} 8. Bd2 Nge7 9. Nc2 Bxd2+ 10. Qxd2 Qxb2 11. Bd3 Qb6 12. O-O {LiveBook: 4 Games} h6 13. Rab1 {[#]} Qc7 $146 ({Predecessor:} 13... Qd8 14. Ne3 Ng6 15. g3 {0-1 (31) Volokitin,A (2626)-Vitiugov,N (2738) Wroclaw 2014}) 14. Rfc1 Bd7 15. h4 Rc8 16. Ne3 Qb8 17. Rc2 Nd8 18. Rcb2 b6 19. Ba6 ({Only move:} 19. Nf1 $1 $11) 19... Rc7 $15 20. Nf1 O-O 21. Ng3 Be8 22. Bd3 (22. a4 $5) 22... f5 23. exf6 Rxf6 24. Re1 Bg6 25. Ne5 {Strongly threatening Bxg6.} Bxd3 26. Qxd3 Qc8 27. Rbe2 {[#]} (27. Nh5 $11 Rf8 28. g3) 27... Rf4 (27... Ndc6 $1 $17 {next ...Nxe5 is good for Black.} 28. Ng4 Rg6) 28. Nh5 $11 Rxh4 29. Nxg7 $2 (29. Qf3 $1 $11 Rc3 30. Nf6+ gxf6 31. Qxf6) 29... Rc3 $19 30. Rc2 $2 (30. Qb5 Kxg7 31. Qe8) 30... Rxd3 {Black is clearly winning.} (30... Rxc2 31. Qg3 $19) 31. Rxc8 Nxc8 32. Rc1 Rdxd4 33. Ne8 {[#]} Rc4 $1 {[%cal Rc4c1]} 34. Nf6+ (34. Nxc4 Rxc4) 34... Kg7 {[%cal Rc4c1]} 35. Ne8+ Kf8 {Precision: White = 38%, Black = 40%.} 0-1

[Event "Hasselbacken Open 2018"]
[Site "Stockholm"]
[Date "2018.11.03"]
[Round "5"]
[White "Marttala, Thomas"]
[Black "Ingbrandt, Johan"]
[Result "0-1"]
[WhiteElo "2189"]
[BlackElo "2364"]
[Annotator "TA"]
[PlyCount "76"]
[EventDate "2018.11.02"]
[EventCountry "SWE"]
[SourceTitle "playchess.com"]
[Source "ChessBase"]
[SourceQuality "1"]

{[%evp 22,76,4,19,7,11,0,0,0,0,0,0,13,-3,0,0,1,0,0,0,0,-36,-36,-73,-57,-73,-79,-84,-82,-86,-68,-82,-72,-92,-91,-138,-135,-139,-142,-137,-147,-285,-278,-347,-338,-335,-337,-340,-334,-327,-329,-328,-318,-283,-283,-291,-264]} 1. e4 c6 2. c4 d5 3. cxd5 cxd5 4. exd5 Nf6 5. Nc3 Nxd5 6. Nf3 Nxc3 7. bxc3 g6 8. d4 Bg7 {B10: Caro-Kann: 2 d3 and 2 c4} 9. Bb5+ Bd7 10. a4 (10. Bd3 O-O 11. O-O Nc6 12. Re1 Bg4 13. h3 Bxf3 14. Qxf3 Qa5 15. Bb2 e6 16. h4 {½-½ (27) Zvjaginsev,V (2659)-Jakovenko,D (2713) Khanty-Mansiysk 2013}) 10... O-O 11. O-O Nc6 12. Re1 {LiveBook: 6 Games} Rc8 13. Ba3 {Strongly threatening d5.} Re8 {[#]} 14. Nd2 $146 ({Predecessor:} 14. Ng5 h6 15. Ne4 b6 16. h4 Na5 17. Bb4 Nc6 18. Ba3 Na5 19. Bb4 Nc6 20. Ba3 {½-½ (20) Popilski,G (2502)-Macieja,B (2533) Dallas 2017}) 14... Na5 15. Bb4 {Bxd7 is the strong threat.} Bc6 16. Ne4 a6 17. Bf1 (17. Bd3 {seems wilder.} Bd5 18. Rb1 Nc4 19. Bc5 Qd7 20. f4) 17... Bxe4 18. Rxe4 Qd5 19. Re1 Nc6 20. Bc5 e5 $36 {[%cal Re5d4][%mdl 2048] Black fights for an advantage.} 21. Qe2 Qd7 {[%cal Re5d4]} 22. Qd2 exd4 23. Rxe8+ Rxe8 24. Rd1 {[%cal Rc3d4]} Qd5 25. cxd4 Rd8 $1 {[%cal Rg7d4,Be8d8,Bd8d7,Bd7e7][%mdl 32]} 26. Bb6 Rd7 {[%cal Rg7d4]} 27. Re1 Bxd4 28. Qh6 {[%cal Re1e8]} Re7 29. Bxd4 Qxd4 30. Rxe7 Nxe7 31. Qg5 {[#]} (31. Qe3 $17 Qxe3 32. fxe3) 31... Nc6 $1 $19 {Black has a decisive advantage.} 32. h4 Qxa4 33. h5 Qa5 34. Qg4 Qf5 ({Weaker is} 34... Qxh5 35. Qc8+ Kg7 36. Qxb7 $17) 35. Qg3 Qxh5 36. Qc7 Qc5 37. Qxb7 {[#]} a5 $1 38. Qb3 Ne5 {Precision: White = 44%, Black = 93%.} 0-1

[Event "Hasselbacken Open 2018"]
[Site "Stockholm"]
[Date "2018.11.03"]
[Round "5"]
[White "Ivarsson, Torbjorn"]
[Black "Thorn, Eric"]
[Result "0-1"]
[WhiteElo "2148"]
[BlackElo "2300"]
[Annotator "TA"]
[PlyCount "112"]
[EventDate "2018.11.02"]
[EventCountry "SWE"]
[SourceTitle "playchess.com"]
[Source "ChessBase"]
[SourceQuality "1"]

{[%evp 21,112,-8,-8,-33,-23,-28,-26,-32,-19,-27,5,-18,-17,-35,-20,-20,-17,-36,-22,-41,-22,-7,-9,-56,-48,-52,-60,-74,-74,-111,-62,-111,-111,-106,-101,-115,-80,-98,-73,-73,-72,-131,-129,-202,-200,-249,-245,-246,-241,-237,-235,-524,-401,-391,-383,-372,-279,-508,-508,-464,-270,-508,-500,-735,-742,-543,-504,-757,-743,-500,-498,-1210,-1079,-5291,-5189,-2391,-1535,-6543,-6543,-1133,-6070,-6543,-6521,-6306,-6303,-5919,-5604,-6306,-6133,-6306,-4631,-6306,-5114]} 1. d4 Nf6 2. Bf4 d5 3. e3 c5 4. c3 Nc6 5. Nd2 e6 6. Bd3 Bd6 7. Bxd6 {D00: 1 d4 d5: Unusual lines} Qxd6 8. f4 cxd4 (8... Bd7 9. a3 Ne7 10. Ngf3 Qb6 11. Rb1 Bb5 12. Bxb5+ Qxb5 13. Qe2 Qxe2+ 14. Kxe2 Rc8 {1-0 (58) Duda,J (2717)-Dziuba,M (2584) Katowice 2017}) 9. cxd4 Bd7 10. a3 Ne7 11. Qe2 $146 ({Predecessor:} 11. Ngf3 Nf5 12. Qe2 Qb6 13. Rb1 a6 14. Ne5 Bb5 {0-1 (40) Cuadrado,G (2088)-Fedorovsky,M (2478) Munich 2017}) 11... Qb6 {LiveBook: 6 Games} 12. Rb1 a6 13. Ngf3 Bb5 14. O-O Nf5 15. Ne5 Rc8 16. Rbc1 O-O 17. Bxb5 Qxb5 18. Qxb5 axb5 19. Kf2 Nd6 20. g4 Nc4 21. Nexc4 bxc4 22. Kf3 b5 23. e4 Rfd8 24. e5 Nd7 25. Nb1 Rb8 26. Nc3 b4 27. axb4 Rxb4 28. Rc2 Rdb8 29. Rff2 R8b7 30. f5 Nb8 31. h4 (31. Kg2 $142) 31... Nc6 $17 32. Ke3 (32. Rcd2 $17) 32... Rb3 $19 33. Rc1 Rxb2 34. Rxb2 Rxb2 {[%mdl 4096] Endgame KRN-KRN} 35. Ra1 {[#]} h5 $1 {[%mdl 512] Threatens to win with ...Rb3.} 36. g5 $2 (36. Ra8+ Kh7 37. fxe6 fxe6 38. Ra6) (36. gxh5 Rb3) 36... Rb3 37. Kd2 Nxd4 38. g6 {Threatening mate with Ra8+.} fxg6 39. fxe6 $2 (39. fxg6 Kf8 40. Ra8+ Ke7 41. Ra7+ Ke8 42. Rxg7 Rb2+ 43. Kd1) 39... Nxe6 40. Ra6 Nc5 (40... d4 $142 41. Rxe6 Rxc3 42. Rxg6 Rh3) 41. Rc6 $2 (41. Rd6) 41... d4 {Black is clearly winning.} 42. Rc8+ Kh7 43. Rxc5 Rxc3 {KR-KR} 44. e6 (44. Rd5 $142 Rd3+ 45. Kc1) 44... Rd3+ 45. Kc2 Re3 46. Rxc4 (46. Rd5 $142) 46... Rxe6 47. Rxd4 Re5 48. Kd3 g5 49. hxg5 Rxg5 50. Ke3 Rf5 51. Rd6 g6 {[%cal Bg7g6,Bg6g5][%mdl 32]} 52. Rc6 Kh6 53. Rd6 h4 54. Rc6 Kh5 55. Ke4 Rf1 56. Rc2 g5 {Precision: White = 21%, Black = 73%.} 0-1

[Event "Hasselbacken Open 2018"]
[Site "Stockholm"]
[Date "2018.11.03"]
[Round "5"]
[White "Harren, Mats"]
[Black "Seo, Jung Min"]
[Result "0-1"]
[WhiteElo "2083"]
[BlackElo "2369"]
[Annotator "TA"]
[PlyCount "112"]
[EventDate "2018.11.02"]
[EventCountry "SWE"]
[SourceTitle "playchess.com"]
[Source "ChessBase"]
[SourceQuality "1"]

{[%evp 12,112,25,-21,64,70,77,75,83,31,29,12,22,16,44,17,35,45,65,69,73,20,25,40,15,-21,-24,-31,0,-37,0,-39,77,12,10,0,22,0,0,-117,-125,-187,0,0,0,-16,-18,-12,-11,-41,0,0,0,-16,-16,-20,-17,-63,-54,-55,-6,-11,0,0,25,-60,-62,-71,-59,-102,-99,-121,-90,-153,-142,-190,-198,-315,-227,-229,-225,-278,-268,-436,-429,-2026,-1776,-4926,-3227,-1092,-584,-29974,-29976,-29979,-29980,-29980,-29981,-29981,-29982,-29989,-29982,-29978,-29979]} 1. e4 c5 2. c3 e6 3. d4 d5 4. e5 Nc6 5. Nf3 Qb6 6. Bd3 Bd7 7. O-O {LiveBook: 46 Partien} Nge7 {C02: Französische Verteidigung (Vorstoßvariante)} (7... cxd4 $11 8. a4 Nge7) (7... cxd4 8. cxd4 Nxd4 9. Nbd2 Nxf3+ 10. Nxf3 h6 11. Be3 Bc5 12. Bxc5 Qxc5 13. b4 Qxb4 14. Rb1 Qa5 15. Nd4 Qc7 16. Qg4 Kf8 17. f4 {0-1 (34) Escalante Ramirez,B (2436)-Firouzja,A (2582) Manavgat 2018}) 8. dxc5 $14 Qxc5 9. Re1 Ng6 {Weiß steht besser.} 10. Bg5 (10. Nbd2 $16) 10... Qb6 11. b4 $146 ({Vorgänger:} 11. Qe2 Be7 12. Bxg6 hxg6 13. Bxe7 Nxe7 14. Na3 {½-½ (117) Brylski,P (2039)-Fronczak,S (1912) Krakow 2016}) 11... Be7 12. Bxe7 Ncxe7 13. a4 {[%cal Ba2a4,Ba4a5][%mdl 32]} O-O 14. Nbd2 f6 15. a5 Qc7 {[%cal Rf6e5]} 16. c4 (16. exf6 $16 Rxf6 17. c4) 16... Nxe5 17. Nxe5 fxe5 18. Rc1 Rac8 19. Nb3 Qd6 (19... dxc4 20. Bxc4 (20. Rxc4 Qd8 $16) 20... Rcd8 21. Nc5 $16) 20. Qd2 Nc6 21. Nc5 {[#]} Kh8 (21... Nxb4 $1 $15 {[%mdl 512] bleibt weiter vorne.} 22. Bxh7+ (22. Qxb4 Qxc5) 22... Kxh7 23. Nxd7 Qxd7 24. Qxb4 Rf5) 22. Bb1 (22. cxd5 $16 Qxd5 23. Qc3 (23. Nxd7 Qxd7 24. Rcd1 Rf4 $11)) 22... b6 $11 23. axb6 axb6 24. Qd3 {[%csl Gb1][%cal Rd3h7]} g6 $36 {[%mdl 2048] Weiss steht unter Druck.} 25. Ne4 (25. Nxd7 $11 Qxd7 26. Qd2) 25... Qxb4 $17 26. cxd5 (26. Ng5 $17 Qe7 27. cxd5 Qxg5 28. dxc6 Bxc6 29. Qg3 Qxg3 30. hxg3) 26... exd5 $2 (26... Nd4 $19 {Weiss muss nun ...Txc1 beachten.} 27. Nc3 exd5) 27. Qxd5 $11 Qd4 28. Rcd1 (28. Qb5 {keeps more tension.} Qb4 29. Qd5) 28... Qxd5 29. Rxd5 Be6 30. Rd6 Bf5 31. Ng3 b5 32. f3 Bxb1 33. Rxb1 Nd4 34. Ne4 Rfd8 35. Ra6 Rc2 36. Ra7 {Weiss droht Sf6 und Matt.} Rdc8 37. Nf6 {[%csl Gf6][%cal Ra7h7]} R2c7 (37... R8c7 {with more complications.} 38. Ra8+ Rc8 39. Ra7) 38. Rxc7 (38. Rba1 $1 $11 Ne6 39. Rxc7 Nxc7 40. Ra7) 38... Rxc7 {[%mdl 4096] Endspiel KTS-KTS} 39. Ng4 Re7 40. Rb4 {[#]} h5 $1 {[%cal Rh5g4]} 41. Ne3 Ra7 42. Kf2 (42. Nd5 $142) 42... Ra2+ $17 43. Kg3 Kg7 44. Kh3 (44. Rb1 {war einen Versuch wert.}) 44... Ra3 45. Nd5 g5 46. Nc7 Nf5 47. g3 $2 (47. g4 {war erzwungen.} Rxf3+ 48. Kg2 hxg4 49. Rxg4) 47... Rxf3 $19 {Droht stark ...g4+.} 48. Ne6+ (48. Kg2 $142 g4 49. Nd5) 48... Kf6 49. Nxg5 Kxg5 50. Rxb5 {KTS-KT} Re3 51. Kg2 Nd4 {Schwarz setzt Matt.} 52. Ra5 Re2+ 53. Kf1 Kg4 54. Ra4 Rxh2 55. Ra3 Rb2 56. Rc3 Rb3 {Precision: Weiß = 29%, Schwarz = 52%.} 0-1

[Event "Hasselbacken Open 2018"]
[Site "Stockholm"]
[Date "2018.11.03"]
[Round "5"]
[White "Eriksson, Jon"]
[Black "Galinsky, Timofey"]
[Result "0-1"]
[WhiteElo "2080"]
[BlackElo "2359"]
[Annotator "TA"]
[PlyCount "38"]
[EventDate "2018.11.02"]
[EventCountry "SWE"]
[SourceTitle "playchess.com"]
[Source "ChessBase"]
[SourceQuality "1"]

{[%evp 13,38,-34,-48,-96,-93,-115,-114,-130,-120,-162,-123,-176,-152,-171,-156,-185,-150,-183,-117,-172,-163,-239,-214,-322,-316,-436,-428]} 1. Nf3 d5 2. d4 e6 3. c4 Nf6 4. Nc3 Nbd7 5. Bf4 dxc4 6. e4 {D37: Queen's Gambit Declined: 5 Bf4} Bb4 7. Qc2 b5 {LiveBook: 7 Games} 8. Be2 $146 {Black is slightly better.} ({Predecessor:} 8. Nd2 c6 9. a3 Ba5 10. Bd6 Bc7 11. Bxc7 Qxc7 12. b3 e5 13. d5 cxd5 14. Nxb5 {1-0 (46) Boruchovsky,A (2472)-Brkic,A (2580) Warsaw 2013}) 8... Bb7 9. O-O Bxc3 10. Qxc3 Bxe4 11. Bg5 c6 12. Ne5 (12. b3 $17) 12... Nxe5 $19 13. dxe5 Nd5 $1 {[%csl LRc3,LRg5]} 14. Qg3 Qc7 15. Rad1 h6 (15... O-O $19 16. Rfe1 Bg6) 16. Bc1 (16. Be3 $17 {was necessary.}) 16... O-O-O 17. f4 (17. Bd2 {might work better.}) 17... f5 18. Kh1 {[#]} (18. exf6 $142 gxf6 19. Qf2) 18... g5 $1 {[%cal Bg7g5,Bg5f4][%mdl 32]} 19. a4 (19. fxg5 hxg5) 19... gxf4 {Precision: White =  2%, Black = 55%.} 0-1

[Event "Hasselbacken Open 2018"]
[Site "Stockholm"]
[Date "2018.11.03"]
[Round "6"]
[White "Cramling, Pia"]
[Black "Agdestein, Simen"]
[Result "1/2-1/2"]
[WhiteElo "2456"]
[BlackElo "2574"]
[Annotator "TA"]
[PlyCount "115"]
[EventDate "2018.11.02"]
[EventCountry "SWE"]
[SourceTitle "playchess.com"]
[Source "ChessBase"]
[SourceQuality "1"]

{[%evp 17,115,12,12,5,37,33,59,28,40,1,71,0,4,0,33,0,0,0,3,-21,41,5,89,81,91,97,62,16,32,0,0,0,0,0,0,0,0,-31,0,-25,0,7,20,-126,-120,-107,0,0,0,0,0,0,0,0,0,0,0,0,0,0,0,0,0,0,0,-2,-2,-2,0,0,115,0,11,0,0,-258,-16,-25,-2,-2,-2,-2,-2,-2,-2,-2,-2,-2,0,0,0,0,0,-2,0,0,0,-2,0,0]} 1. Nf3 c5 2. c4 Nf6 3. Nc3 d5 4. cxd5 Nxd5 5. g3 Nc6 6. Bg2 Nc7 7. a3 e6 {A34: Englische Eröffnung (Symmetrische Variante)} (7... g6 8. d3 Bg7 9. Be3 Ne6 10. h4 h6 11. Rc1 Bd7 12. O-O Rc8 13. Na2 O-O 14. b4 cxb4 15. Nxb4 Qa5 16. Qd2 Qxa3 17. Nxc6 Bxc6 18. Bxh6 Bxf3 19. Bxg7 Kxg7 {½-½ (43) Adhiban,B (2655)-Karjakin,S (2753) Wijk aan Zee 2018}) 8. O-O Be7 9. d3 O-O {LiveBook: 4 Partien} 10. Bf4 Na6 $146 ({Vorgänger:} 10... Bd6 11. Bxd6 Qxd6 12. Ne4 Qe7 13. Rc1 Na6 14. Qc2 Nd4 15. Nxd4 cxd4 16. Nc5 Nxc5 17. Qxc5 Qxc5 18. Rxc5 {½-½ (66) Ignatiadis,K (2186)-Koutoukidis,P (2027) Heraklion 2011}) 11. Ne5 Nd4 12. Nc4 f6 13. Rb1 Kh8 (13... e5 $11 14. Bd2 Rb8) 14. Re1 (14. e3 $1 $16 {[%cal Re3d4]} Nc6 15. Be4) 14... e5 $11 15. Bd2 $36 {[%mdl 2048] Weiss kämpft um Vorteil.} Re8 {[%cal Bf8e8,Be8e7,Be7d7][%mdl 32]} 16. Nd5 Be6 17. Nxe7 Rxe7 18. b4 e4 (18... cxb4 $11 19. axb4 Rc8) 19. bxc5 Bxc4 (19... Nxc5 $11 20. Bb4 Rc8) 20. dxc4 $16 Nxc5 21. Bb4 $1 {[%cal Rb4c5]} Rd7 22. Qc1 Nde6 23. Bc3 f5 24. Bh3 Qf8 25. Rd1 Rad8 26. Rxd7 Rxd7 27. Be5 Kg8 28. Bg2 (28. a4 $5) 28... Nd4 29. Qe3 Nce6 30. g4 {[#]} (30. Bxd4 $1 $11 {bleibt in der Remisbreite.} Nxd4 31. f3) 30... f4 $1 $17 {[%cal Rf4e3]} 31. Qxe4 {[#]} Nc5 ({Besser ist} 31... Ng5 $1 $17 {[%cal Rg5e4]} 32. Qd5+ Rxd5 33. Bxd5+ Nde6 34. Rxb7 Qc5 35. Bxg7 Nh3+ 36. Kh1 Qd6) 32. Qxd4 $1 $11 Rxd4 33. Bxd4 Qc8 34. Bxc5 Qxc5 {[%mdl 4096] Endspiel KD-KTL} 35. Bd5+ Kf8 $1 36. Rxb7 {Droht stark Tf7+.} Qxa3 37. Kg2 g5 38. Rxh7 a5 $1 39. h4 gxh4 40. Rxh4 a4 41. Rh8+ Kg7 42. Rg8+ Kh7 43. Ra8 Kg7 (43... Qa2 $11 {hält das Gleichgewicht.}) 44. g5 ({Günstiger ist} 44. Bf3 $16) 44... Qb4 {Droht ...a3.} 45. Rg8+ Kh7 {Und weiter mit ...a3 wäre nett.} 46. g6+ Kh6 {...a3 ist eine echte Drohung.} 47. Be4 $1 Qxc4 48. Rh8+ {Die Stellung ist ausgeglichen.} Kg7 $1 ({Jedoch nicht} 48... Kg5 $2 49. g7 $18) 49. Rh7+ Kg8 50. Bd3 Qd5+ 51. f3 a3 {Weiss muss nun ...Dg5+ beachten.} 52. Ra7 Qg5+ 53. Kf1 {Und Lc4+ würde nun gewinnen.} Qc5 54. Ra4 Kg7 55. Kg2 Qg5+ 56. Kf1 Qc5 57. Kg2 Qg5+ 58. Kf1 {Precision: Weiß = 37%, Schwarz = 50%.} 1/2-1/2

[Event "Hasselbacken Open 2018"]
[Site "Stockholm"]
[Date "2018.11.03"]
[Round "6"]
[White "Sjodahl, Pontus"]
[Black "Ingbrandt, Johan"]
[Result "1-0"]
[WhiteElo "2410"]
[BlackElo "2364"]
[Annotator "TA"]
[PlyCount "56"]
[EventDate "2018.11.02"]
[EventCountry "SWE"]
[SourceTitle "playchess.com"]
[Source "ChessBase"]
[SourceQuality "1"]

{[%evp 16,56,25,0,39,48,47,29,71,64,102,110,101,87,96,81,68,77,47,12,124,81,156,24,99,79,134,45,56,50,50,56,47,55,136,159,281,258,352,346,316,323,308]} 1. d4 d5 {[%cal Bd7d5,Bd5c4][%mdl 32]} 2. c4 dxc4 3. e4 Nc6 4. Nf3 Nf6 5. Nc3 Bg4 6. Be3 e6 7. Bxc4 Bb4 8. Qc2 O-O 9. Rd1 {LiveBook: 78 Partien. D07: Damengambit (Tschigorin-Verteidigung)} Bxc3+ (9... Qe7 10. Be2 e5 11. d5 Nd4 12. Nxd4 exd4 13. Bxd4 Bxe2 14. Qxe2 Nxe4 15. O-O Nxc3 16. Qxe7 Bxe7 17. bxc3 Rfd8 {½-½ (17) Nikolic,P (2622)-Miladinovic,I (2545) Kragujevac 2016}) 10. bxc3 Bxf3 11. gxf3 {Weiß steht etwas besser.} Nh5 12. h4 $146 ({Vorgänger:} 12. Rg1 Na5 13. Be2 b6 14. Rg5 g6 15. h4 Ng7 16. f4 f6 {1-0 (37) Seiler,W (1895)-Fels,B (1911) GER email 2009}) 12... Kh8 13. f4 f5 14. Bxe6 fxe4 15. f5 Nf6 16. h5 Qd6 17. Rh4 Rae8 (17... h6 $11) 18. Bf4 $16 Qd8 (18... Qe7 $142) 19. Bg3 (19. d5 $16 Ne7 20. Rh1) 19... Ne7 (19... h6 $11) 20. c4 Nfg8 {[#]} (20... Nd7 $142) 21. h6 ({Viel schwächer ist} 21. Rxe4 Nxf5 22. Bxf5 Rxf5 $14) (21. Rf4 $1 $16) 21... Nxf5 $14 22. Bxf5 ({Nicht} 22. Rxe4 Ngxh6 23. Rd3 Qf6 $17) 22... Rxf5 23. hxg7+ $40 {[%mdl 128] Weiss startet einen Angriff.} Kxg7 24. Rxe4 {Schwarz muss nun Lxc7! beachten.} Rxe4+ ({Besser ist} 24... Nf6 $14 25. Be5 Qd7) 25. Qxe4 $16 Qd7 (25... Qc8 $16 {war angesagt.} 26. Rd3 (26. Be5+ Kf8 $16) 26... Rf7 27. Be5+ Kf8) 26. Qxb7 $18 Ne7 27. Qxc7 Qe6+ 28. Be5+ Kf7 {Precision: Weiß = 50%, Schwarz = 31%.} 1-0

[Event "Hasselbacken Open 2018"]
[Site "Stockholm"]
[Date "2018.11.03"]
[Round "6"]
[White "Brynell, Stellan"]
[Black "Rahul Kumar, Pune"]
[Result "1-0"]
[WhiteElo "2398"]
[BlackElo "2204"]
[Annotator "TA"]
[PlyCount "91"]
[EventDate "2018.11.02"]
[EventCountry "SWE"]
[SourceTitle "playchess.com"]
[Source "ChessBase"]
[SourceQuality "1"]

{[%evp 18,91,39,38,62,30,55,36,60,37,100,57,105,76,81,83,106,108,117,83,109,119,114,137,124,123,157,111,179,157,286,200,195,195,533,533,502,499,466,502,575,499,473,484,502,486,434,483,466,500,431,287,311,229,199,205,206,177,169,179,200,214,622,529,839,810,29993,29994,29994,29995,29995,59,85,0,29995,29996]} 1. d4 g6 2. e4 Bg7 3. Nf3 d6 4. Bc4 e6 5. Bb3 b6 6. O-O {B06: Moderne Verteidigung} Bb7 7. Re1 h6 8. c3 Ne7 9. Nbd2 {[%cal Bb1d2,Bd2f1,Bf1g3][%mdl 32]} Nd7 10. Nf1 {LiveBook: 12 Partien} c5 11. Ng3 Qc7 12. Qe2 $146 ({Vorgänger:} 12. h3 Rc8 13. Be3 Nf6 14. Bf4 cxd4 15. Nxd4 {1-0 (33) Gharamian,T (2639)-Kotrotsos,V (2297) Paleochora 2016}) 12... Rc8 13. h4 h5 (13... O-O $14) 14. Bg5 a6 15. Rad1 c4 16. Bc2 f6 17. Bc1 O-O 18. Nh2 e5 19. f4 exf4 20. Bxf4 Qc6 21. Nf3 Rce8 22. Qd2 Kh7 (22... b5 $16) 23. Kh1 Ng8 (23... b5 $16 24. d5 Qb6) 24. d5 Qc7 {[#]} 25. Nxh5 $1 {[%mdl 512]} gxh5 $2 {[#]} (25... Bc8 {leistet mehr Widerstand.} 26. Nxg7 Kxg7) 26. Bxd6 $1 $18 {[%mdl 512]} Qd8 (26... Qxd6 27. e5+) 27. e5+ {[%cal Be4e5,Be5e6][%mdl 32]} Kh8 {[%cal Rf6e5]} 28. e6 Ne5 29. Bxf8 ({Nicht} 29. Bxe5 fxe5 30. Ng5 (30. Nxe5 Bxe5 31. Rxe5 Qxh4+ 32. Kg1 Bxd5 $16) 30... Nh6 $16) 29... Bxf8 30. Qf4 Nd3 31. Bxd3 cxd3 32. Rxd3 Bd6 33. Qf5 Re7 34. Nd4 Bb8 35. Nc6 ({Viel schwächer ist} 35. Qxh5+ Rh7 $18) 35... Bxc6 36. dxc6 Qc7 {[%csl Gb8][%cal Rc7h2]} 37. g3 Qxc6+ {[#]} 38. Kh2 $1 {Und weiter mit Td7 wäre nett.} Qc4 39. Rd4 ({Schwächer ist} 39. Qxh5+ Rh7 $11) 39... Qxa2 $2 (39... Qb5 40. Qxb5 axb5) 40. Re2 Be5 41. Rxe5 {Weiss will mit Td8! Matt setzen.} fxe5 42. Qxh5+ Rh7 43. Qxe5+ Rg7 44. Qh5+ $2 (44. Rg4 {setzt Matt} Qxb2+ 45. Kh3 Qxc3 46. Qxc3 Nf6 47. Qxf6 Kh7 48. Qxg7#) 44... Rh7 $14 45. Qe5+ $2 {[%mdl 8192]} (45. Qe2 $16 Qa5 46. Qe3) 45... Rg7 46. Rg4 {Precision: Weiß = 59%, Schwarz = 27%.} 1-0

[Event "Hasselbacken Open 2018"]
[Site "Stockholm"]
[Date "2018.11.03"]
[Round "6"]
[White "Bellon Lopez, Juan Manuel"]
[Black "Schneider, Stefan"]
[Result "1/2-1/2"]
[WhiteElo "2337"]
[BlackElo "2365"]
[Annotator "TA"]
[PlyCount "125"]
[EventDate "2018.11.02"]
[EventCountry "SWE"]
[SourceTitle "playchess.com"]
[Source "ChessBase"]
[SourceQuality "1"]

{[%evp 13,125,11,6,-12,-5,-7,0,-12,-17,-27,0,0,0,0,0,0,0,0,0,0,0,-7,2,0,0,0,0,0,0,0,0,0,0,0,0,0,15,0,0,0,0,0,0,0,0,0,0,0,0,0,0,0,0,0,0,0,0,0,0,0,0,0,7,7,7,0,7,7,7,6,7,0,0,0,0,0,0,0,0,0,0,0,0,0,0,0,0,0,0,0,0,0,0,0,0,0,0,0,0,0,0,0,0,0,0,0,0,0,0,0,0,0,0,0]} 1. d4 Nf6 2. Bg5 d5 3. e3 e6 4. Nd2 c5 5. c3 h6 6. Bh4 Nc6 7. Ngf3 Be7 {LiveBook: 76 Games. D03: 1 d4 d5 2 Nf3 Nf6 3 Bg5, including Torre Attack with early ...d5} 8. Ne5 (8. Bd3 b6 9. Bb5 Bd7 10. O-O O-O 11. Qe2 Ne4 12. Bxe7 Nxe7 13. Nxe4 dxe4 14. Nd2 Bxb5 15. Qxb5 f5 16. Nb3 Ng6 {0-1 (36) So,W (2815)-Giri,A (2785) chess.com INT 2017}) 8... Qb6 9. Qb3 O-O 10. f4 Qc7 11. Be2 Ne4 $146 (11... b6 {feels hotter.} 12. Nxc6 Qxc6 13. O-O Qc7 14. Qc2 Bb7) ({Predecessor:} 11... Nxe5 12. fxe5 Ne4 13. Bxe7 Nxd2 14. Kxd2 Qxe7 {0-1 (36) Pfaff,M-Schnitzspan,L (2330) Darms 1995}) 12. Bxe7 {The position is equal.} Nxd2 13. Qc2 Qxe7 14. Qxd2 Nxe5 15. fxe5 f6 16. exf6 Rxf6 17. Rf1 Bd7 18. dxc5 Rxf1+ 19. Kxf1 Qxc5 20. Qd4 Qc7 21. Kg1 Bc6 22. Rf1 e5 23. Qg4 Qe7 24. Bd3 Bd7 25. Qh5 (25. Qg6 {is more complex.} e4 26. Be2 Bc6 27. Qg3 Rd8 28. Bh5) 25... Rf8 26. Rxf8+ Kxf8 27. Qf3+ Qf7 28. Qg3 Qf6 29. e4 dxe4 30. Bxe4 b6 31. Qd3 Ke7 32. g3 a5 33. Qd5 (33. Qe3 {looks sharper.} Kd8 34. h4 Qd6 35. a3 Kc7 36. Kf2) 33... Qd6 34. Kf2 Qxd5 35. Bxd5 $11 {[%mdl 4096] Endgame KB-KB} Kd6 36. Bf7 Bf5 37. Ke3 Bb1 38. b4 Bf5 39. Bc4 Bg6 40. a3 Be8 41. h4 Bg6 42. g4 Bh7 43. g5 hxg5 44. hxg5 Bf5 45. Bd3 Bh3 46. Ke4 Bd7 47. c4 axb4 48. axb4 Ke6 49. Ke3 Kd6 50. Be2 Bf5 51. Bd3 $1 {[%cal Rd3f5]} Bd7 52. Ke4 Ke6 53. Ke3 Kd6 54. Be2 Bf5 55. Bf1 Bg6 56. Bd3 Be8 57. Bf5 Bc6 58. Be4 {[#] Strongly threatening Bxc6.} Bd7 59. Bh7 Be6 60. Bd3 Bd7 61. Bg6 Be6 62. Bd3 Bd7 63. Bg6 {Precision: White = 71%, Black = 72%.} 1/2-1/2